00330nam a2200121Ia 4500008004100000041000800041082001400049100002000063245004500083260004000128300003100168365000900199240624s9999 xx 000 0 und d aeng a658.4 McG aMCGOVERN MARION aNEW BRAND OF EXPERTISE HOW INDEPENDENT C c2001aBostonbButterworth Heinemann axxi, : 179 : p. : cm. ; 23 cb30